LEADER 03333nam 2200805 450 001 9910138885603321 005 20180731045237.0 010 $a2-7606-2979-1 010 $a2-8218-5074-3 010 $a2-7606-2653-9 010 $a1-4593-3548-1 024 7 $a10.4000/books.pum.1089 035 $a(CKB)2470000000002203 035 $a(EBL)3259409 035 $a(OCoLC)923081723 035 $a(SSID)ssj0000735328 035 $a(PQKBManifestationID)12278771 035 $a(PQKBTitleCode)TC0000735328 035 $a(PQKBWorkID)10749091 035 $a(PQKB)10669834 035 $a(CaBNvSL)slc00221718 035 $a(MiAaPQ)EBC3259409 035 $a(MiAaPQ)EBC4795803 035 $a(FrMaCLE)OB-pum-1089 035 $a(oapen)https://directory.doabooks.org/handle/20.500.12854/54212 035 $a(VaAlCD)20.500.12592/czxvtp 035 $a(PPN)195772636 035 $a(EXLCZ)992470000000002203 100 $a20170224h20042004 uy 0 101 0 $afre 135 $aur|n|---||||| 181 $ctxt 182 $cc 183 $acr 200 10$aM?urs, coutumes et religion des Sauvages de l'Ame?rique septentrionale /$fNicolas Perrot ; E?dition critique par Pierre Berthiaume 205 $aE?d. critique /$bpar Pierre Berthiaume. 210 $cPresses de l?Université de Montréal$d2004 210 1$a[Montreal, Quebec?bec] :$cLes Presses de l'Universite? de Montre?al,$d2004. 210 4$d©2004 215 $a1 online resource (584 p.) 225 1 $aBibliothe?que du nouveau monde 300 $aE?d. originale publ. sous le titre: Me?moire sur les moeurs, coustumes et relligion des sauvages de l'Ame?rique septentrionale. Leipzig : A. Franck, 1864. 300 $aComprend un index. 311 $a2-7606-1883-8 320 $aIncludes bibliographical references and index. 327 $a""B""""C""; ""D""; ""E""; ""F""; ""G""; ""H""; ""I""; ""J""; ""K""; ""L""; ""M""; ""N""; ""O""; ""P""; ""Q""; ""R""; ""S""; ""T""; ""U""; ""V""; ""W""; ""Y""; ""Z"" 330 $aExplorateur qui a effectué de fréquents et longs séjours parmi les Amérindiens de l'Ouest, traitant et interprète souvent impliqué dans des négociations avec les tribus de la région des Grands Lacs, observateur perspicace, Nicolas Perrot (1642-1717) a produit, à la fin de sa vie, un mémoire qui, à défaut d'être objectif ou neutre, décrit avec précision les usages des autochtones et fait l'historique de leurs rapports avec les Européens. 410 0$aBibliothe?que du nouveau monde. 606 $aIndians of North America$zCanada$xReligion 606 $aIndians of North America$zCanada$xSocial life and customs 610 $aCanada 610 $aOttawa (Indiens) 610 $amode de vie 610 $arécit 610 $aXVIIème siècle 610 $aguerre 610 $aIndiens 610 $areligion 615 0$aIndians of North America$xReligion. 615 0$aIndians of North America$xSocial life and customs. 676 $a971.004/97 700 $aPerrot$b Nicolas$0893110 702 $aBerthiaume$b Pierre 801 0$bMiAaPQ 801 1$bMiAaPQ 801 2$bMiAaPQ 906 $aBOOK 912 $a9910138885603321 996 $aM?urs, coutumes et religion des Sauvages de l'Ame?rique septentrionale$91994815 997 $aUNINA LEADER 03172nam 22005293 450 001 9910978071303321 005 20250102084510.0 010 $a9782503610061 010 $a2503610064 035 $a(CKB)5840000000531602 035 $a(MiAaPQ)EBC31867447 035 $a(Au-PeEL)EBL31867447 035 $a(OCoLC)1482817481 035 $a(Exl-AI)31867447 035 $a(EXLCZ)995840000000531602 100 $a20250102d2024 uy 0 101 0 $aeng 135 $aurcnu|||||||| 181 $ctxt$2rdacontent 182 $cc$2rdamedia 183 $acr$2rdacarrier 200 10$aTravelling Matters Across the Mediterranean $eRereading, Reshaping, Reusing Objects (10th-20th Centuries) 205 $a1st ed. 210 1$aTurnhout, Belgium :$cBrepols Publishers,$d2024. 210 4$d©2024. 215 $a1 online resource (288 pages) 225 1 $aHistories in Motion Series ;$vv.1 311 08$a9782503610054 311 08$a2503610056 327 $aTable of Contents -- Introduction: Rereading, Reshaping, Repurposing Objects in Motion across the Mediterranean -- Kelley ? (Re)using Byzantine Textiles -- Utz ? Travelling Doors: Medieval Bronze Doors in the Mediterranean -- Comacchi ? Arabic Geography and Sixteenth-Century Cartography -- Geremia ? From Africa to the Canary Islands -- Cohen ? Manuscripts from Western Europe, Printer from the Land of Israel -- Artan ? Dazzling Objects and Ottoman Enthusiasts -- Martin ? ?A stone called pourcellaine? -- Rossi ? Life and Afterlife of Religious Bodies -- Pizzato ? The Journey of Prehistoric Remains -- Index $7Generated by AI. 330 $aThis scholarly volume examines the historical movement, transformation, and reuse of objects across the Mediterranean region from the 10th to the 20th centuries. Edited by Beatrice Falcucci, Emanuele Giusti, and Davide Trentacoste, the work brings together essays analyzing the Mediterranean as a dynamic space of cultural, economic, and material exchange. By focusing on the flows of objects?ranging from textiles and bronze doors to manuscripts and luxury goods?the book explores how these items shaped local and global connections across diverse historical, geographical, and cultural contexts. The contributors challenge linear narratives, emphasizing the multidirectional and entangled histories of displacement, adaptation, and repurposing. This work is intended for historians, archaeologists, and scholars of cultural studies interested in Mediterranean studies, material culture, and global history.$7Generated by AI. 410 0$aHistories in Motion Series 517 $aTravelling Matters across the Mediterranean 606 $aMaterial culture$7Generated by AI 607 $aMediterranean Region$7Generated by AI 615 0$aMaterial culture 676 $a909.09822 700 $aFalcucci$b Beatrice$01312524 701 $aGiusti$b Emanuele$01789091 701 $aTrentacoste$b Davide$01789092 801 0$bMiAaPQ 801 1$bMiAaPQ 801 2$bMiAaPQ 906 $aBOOK 912 $a9910978071303321 996 $aTravelling Matters Across the Mediterranean$94324469 997 $aUNINA